Creadores musicales chilenos
Uloženo v:
| Hlavní autor: | |
|---|---|
| Médium: | Kniha |
| Jazyk: | španělština |
| Vydáno: |
Santiago
Ril Ediciones
1998
|
| Témata: | |
| Tagy: |
Přidat tag
Žádné tagy, Buďte první, kdo vytvoří štítek k tomuto záznamu!
|
MARC
| LEADER | 00000nam a2200000 a 4500 | ||
|---|---|---|---|
| 001 | UCP0452 | ||
| 003 | CL-VaPUC | ||
| 008 | 990313e19980000CL |||||||||||||||||spa|d | ||
| 082 | 0 | 4 | |a 780.983 |b ESC |2 21 |
| 100 | 0 | |a Escobar, Roberto |e author |9 425750 | |
| 245 | 1 | 0 | |a Creadores musicales chilenos |
| 300 | |a 149 p | ||
| 942 | |c BK | ||
| 945 | |d 19990313 00:00:00 |a rbrito | ||
| 260 | |a Santiago |b Ril Ediciones |c 1998 | ||
| 650 | 0 | |a Músicos chilenos |9 306645 | |
| 650 | 0 | |a Biografías |9 255210 | |
| 650 | 0 | |a Música chilena |9 306643 | |
| 650 | 7 | |a MUSICA CLASICA CHILENA |2 CL-VaPUC |9 425751 | |
| 650 | 7 | |a CREATIVIDAD MUSICAL |2 CL-VaPUC |9 425752 | |
| 650 | 7 | |a SIGLOS 19-20 |2 CL-VaPUC |9 267705 | |
| 583 | |a last modification |c 19990313 00:00:00 |k Rodrigo Vera | ||
| 999 | |c 279242 |d 279240 | ||
| 952 | |0 0 |1 0 |4 0 |6 780_983000000000000_ESC_1998 |7 0 |8 A |9 318207 |a BIBEDU |b BIBEDU |d 2019-11-20 |i 3497593 |o 780.983 ESC 1998 |p 3497593 |r 2023-01-12 |w 2019-11-20 |y BK |k MUS | ||